[Event "Muensterland Regionalliga 1617"]
[Site "Germany"]
[Date "2017.02.04"]
[Round "6.5"]
[White "Mohnke, Martin"]
[Black "Hoge, Torsten"]
[Result "1/2-1/2"]
[WhiteElo "1926"]
[BlackElo "1899"]
[PlyCount "92"]
[EventDate "2016.09.17"]
[EventType "team"]
[EventRounds "9"]
[EventCountry "GER"]
[SourceTitle "EXT 2018"]
[Source "ChessBase"]
[SourceDate "2017.10.13"]
[SourceVersion "1"]
[SourceVersionDate "2017.10.13"]
[SourceQuality "1"]
[WhiteTeam "Duelmen"]
[BlackTeam "Gronau"]
[WhiteTeamCountry "GER"]
[BlackTeamCountry "GER"]

1. e4 e6 2. d4 d5 3. Nd2 Nf6 4. e5 Nfd7 5. Bd3 c5 6. c3 Nc6 7. Ne2 Qb6 8. Nf3 cxd4 9. cxd4 f6 10. exf6 Nxf6 11. 0-0 Bd6 12. Rb1 Nb4 13. Bf4 Nxd3 14. Qxd3 0-0 15. Bxd6 Qxd6 16. Ne5 Bd7 17. Rfe1 Nh5 18. Qe3 Bb5 19. Nc3 Be8 20. g3 Rf6 21. Rbc1 a6 22. Ne2 Bb5 23. Nc3 Be8 24. Nd1 Bb5 25. Qc3 Raf8 26. Qc5 Qb8 27. b3 g5 28. a4 Be8 29. Qe7 Ng7 30. Rc7 R6f7 31. Nxf7 Rxf7 32. Qxg5 Rxc7 33. Rxe6 Bf7 34. Rd6 Rc8 35. Rd7 Rf8 36. Ne3 Kh8 37. Nxd5 Qe8 38. Re7 Qc6 39. Nf6 Bg6 40. Nd7 Re8 41. Ne5 Qc2 42. Qf6 Qc1+ 43. Kg2 Be4+ 44. f3 Qc2+ 45. Kh3 Qc8+ 46. g4 Rxe7 1/2-1/2

[Event "Muensterland Regionalliga 1617"]
[Site "Germany"]
[Date "2017.01.14"]
[Round "5.5"]
[White "Pollok, Ralf"]
[Black "Mohnke, Martin"]
[Result "1/2-1/2"]
[WhiteElo "1956"]
[BlackElo "1926"]
[PlyCount "32"]
[EventDate "2016.09.17"]
[EventType "team"]
[EventRounds "9"]
[EventCountry "GER"]
[SourceTitle "EXT 2018"]
[Source "ChessBase"]
[SourceDate "2017.10.13"]
[SourceVersion "1"]
[SourceVersionDate "2017.10.13"]
[SourceQuality "1"]
[WhiteTeam "Raesfeld Erle"]
[BlackTeam "Duelmen"]
[WhiteTeamCountry "GER"]
[BlackTeamCountry "GER"]

1. d4 Nf6 2. c4 g6 3. Nc3 Bg7 4. e4 0-0 5. Be2 c6 6. Be3 d5 7. e5 Ne8 8. Qd2 Nc7 9. h4 h5 10. Nh3 dxc4 11. Bxc4 Be6 12. Be2 c5 13. dxc5 Qxd2+ 14. Bxd2 Bxe5 15. Nf4 Nc6 16. Nd3 Bg7 1/2-1/2

[Event "Muensterland Regionalliga 1516"]
[Site "Germany"]
[Date "2016.02.27"]
[Round "7.3"]
[White "Mohnke, Martin"]
[Black "Langendijk, Andre"]
[Result "1/2-1/2"]
[WhiteElo "1949"]
[BlackElo "1966"]
[PlyCount "43"]
[EventDate "2015.09.05"]
[EventType "team"]
[EventRounds "9"]
[EventCountry "GER"]
[SourceTitle "EXT 2017"]
[Source "ChessBase"]
[SourceDate "2016.10.25"]
[SourceVersion "1"]
[SourceVersionDate "2016.10.25"]
[SourceQuality "1"]
[WhiteTeam "Duelmen"]
[BlackTeam "Gronau"]
[WhiteTeamCountry "GER"]
[BlackTeamCountry "GER"]

1. Nf3 c5 2. c4 Nf6 3. Nc3 Nc6 4. d4 cxd4 5. Nxd4 e6 6. a3 d5 7. cxd5 Nxd5 8. e4 Nxc3 9. bxc3 Bc5 10. Be3 Qa5 11. Qd2 0-0 12. Nb3 Bxe3 13. Qxe3 Qc7 14. Rd1 b6 15. Nd4 Nxd4 16. cxd4 Bb7 17. Be2 Qc2 18. f3 Rac8 19. 0-0 Rc3 20. Rc1 Rxe3 21. Rxc2 g5 22. Ra1 1/2-1/2

[Event "Muensterland Regionalliga 1516"]
[Site "Germany"]
[Date "2016.01.09"]
[Round "5.2"]
[White "Funke, Reinhard"]
[Black "Mohnke, Martin"]
[Result "0-1"]
[WhiteElo "2012"]
[BlackElo "1949"]
[PlyCount "128"]
[EventDate "2015.09.05"]
[EventType "team"]
[EventRounds "9"]
[EventCountry "GER"]
[SourceTitle "EXT 2017"]
[Source "ChessBase"]
[SourceDate "2016.10.25"]
[SourceVersion "1"]
[SourceVersionDate "2016.10.25"]
[SourceQuality "1"]
[WhiteTeam "Suedlohn"]
[BlackTeam "Duelmen"]
[WhiteTeamCountry "GER"]
[BlackTeamCountry "GER"]

1. d4 Nf6 2. Nf3 g6 3. g3 Bg7 4. Bg2 0-0 5. 0-0 d6 6. c4 Nc6 7. Nc3 e5 8. d5 Nb8 9. Ne1 a5 10. Nd3 Nfd7 11. e4 Na6 12. Be3 f5 13. f3 b6 14. Qd2 Ndc5 15. Rae1 Nxd3 16. Qxd3 Bd7 17. Qd2 Nc5 18. f4 fxe4 19. fxe5 Bxe5 20. Rxf8+ Qxf8 21. Rf1 Qg7 22. Bh6 Bd4+ 23. Kh1 Qe5 24. Ne2 Bxb2 25. Rb1 Na4 26. Bf4 Qg7 27. Bxe4 Re8 28. Bf3 Bf5 29. Rf1 Bf6 30. h4 Nc5 31. Kh2 h5 32. Ng1 Qe7 33. Bg2 Bd3 34. Rc1 Qd7 35. Be3 Bf5 36. Bxc5 dxc5 37. Rf1 Qd6 38. Nf3 Bg4 39. Qh6 Bg7 40. Qd2 Re4 41. Ng5 Re2 42. Qd3 Re7 43. Be4 Qe5 44. Bxg6 Qe2+ 45. Kh1 Qxd3 46. Bxd3 Re3 47. Bh7+ Kh8 48. Bc2 Rc3 49. Bb3 Rxg3 50. Re1 Bf6 51. Kh2 Rd3 52. Kg2 Kg7 53. Ne6+ Bxe6 54. Rxe6 Bxh4 55. Rg6+ Kxg6 56. Bc2 Kf5 57. Bxd3+ Ke5 58. Bf1 Be7 59. a4 Kd4 60. Kf3 Kc3 61. Ke4 Kb3 62. Kd3 Kxa4 63. Kc3 h4 64. Bh3 Bf6+ 0-1

[Event "Muensterland Regionalliga 1415"]
[Site "Germany"]
[Date "2014.10.25"]
[Round "2.3"]
[White "Mohnke, Martin"]
[Black "Engels, Natia"]
[Result "0-1"]
[WhiteElo "1965"]
[BlackElo "2011"]
[PlyCount "88"]
[EventDate "2014.09.20"]
[EventType "team-tourn"]
[EventRounds "9"]
[EventCountry "GER"]
[SourceTitle "EXT 2016"]
[Source "ChessBase"]
[SourceDate "2015.10.08"]
[SourceVersion "1"]
[SourceVersionDate "2015.10.08"]
[SourceQuality "1"]
[WhiteTeam "Duelmen"]
[BlackTeam "Steinfurt"]
[WhiteTeamCountry "GER"]
[BlackTeamCountry "GER"]

1. Nf3 c5 2. c4 Nf6 3. Nc3 Nc6 4. g3 g6 5. Bg2 Bg7 6. d4 cxd4 7. Nxd4 0-0 8. 0-0 Ng4 9. e3 Nge5 10. b3 d6 11. Bb2 Bg4 12. f3 Bd7 13. Nd5 e6 14. Nf4 Qb6 15. Qd2 Rfd8 16. Rad1 Nb4 17. Bc3 a5 18. Rfe1 Nbc6 19. Nb5 d5 20. cxd5 Qxb5 21. dxc6 Qxc6 22. Bxa5 b6 23. Rc1 Qb7 24. Bc3 Nxf3+ 25. Bxf3 Qxf3 26. Rf1 Qe4 27. Bxg7 Kxg7 28. Rf2 e5 29. Qd3 Bc6 30. Qxe4 Bxe4 31. Ne2 Rxa2 32. Rcf1 f5 33. Nc3 Rxf2 34. Rxf2 Rd3 35. Nxe4 fxe4 36. Rb2 Rxe3 37. Kf2 Rd3 38. Ke2 Kf6 39. b4 b5 40. Kf2 Kf5 41. Kg2 e3 42. Kf3 e4+ 43. Ke2 Ke5 44. Rc2 Rd2+ 0-1

[Event "Muensterland Regionalliga 1314"]
[Site "Germany"]
[Date "2014.02.01"]
[Round "6.3"]
[White "Langhanke, Guenther"]
[Black "Mohnke, Martin"]
[Result "1-0"]
[WhiteElo "2035"]
[BlackElo "1967"]
[PlyCount "101"]
[EventDate "2013.09.07"]
[EventType "team-tourn"]
[EventRounds "9"]
[EventCountry "GER"]
[SourceTitle "EXT 2015"]
[Source "ChessBase"]
[SourceDate "2014.11.20"]
[SourceVersion "1"]
[SourceVersionDate "2014.11.20"]
[SourceQuality "1"]
[WhiteTeam "Rheine Klein Berlin"]
[BlackTeam "Duelmen"]
[WhiteTeamCountry "GER"]
[BlackTeamCountry "GER"]

1. e4 c5 2. Nc3 e6 3. f4 d5 4. Nf3 a6 5. d3 Nc6 6. g3 b5 7. Qe2 d4 8. Nd1 Bb7 9. Bg2 Nge7 10. 0-0 g6 11. f5 e5 12. fxg6 Nxg6 13. Ng5 f6 14. Ne6 Qe7 15. Nxf8 Rxf8 16. Bh6 Rf7 17. Bh3 Bc8 18. Bxc8 Rxc8 19. Nf2 Nb8 20. Ng4 Qe6 21. Rf2 Nd7 22. a4 b4 23. b3 Ke7 24. Raf1 Rg8 25. Rf5 Kd6 26. Bg5 fxg5 27. Rxf7 Nf4 28. gxf4 gxf4 29. Rxh7 Nf6 30. Rh6 Rxg4+ 31. Kh1 Ke7 32. Rg1 Rxg1+ 33. Kxg1 Qg8+ 34. Qg2 Qxg2+ 35. Kxg2 Ng4 36. Rxa6 Ne3+ 37. Kf2 Nxc2 38. Rc6 Na1 39. Rxc5 Nxb3 40. Rc4 Kd6 41. Rxb4 Nc1 42. Rb5 Nxd3+ 43. Kf3 Nc5 44. a5 Kc6 45. Rb6+ Kc7 46. h4 d3 47. h5 d2 48. Rb1 Nb3 49. Rd1 Nxa5 50. h6 Nc6 51. h7 1-0

[Event "Muensterland Regionalliga 1314"]
[Site "Germany"]
[Date "2013.12.07"]
[Round "4.3"]
[White "Holtel, Jasper"]
[Black "Mohnke, Martin"]
[Result "1/2-1/2"]
[WhiteElo "1930"]
[BlackElo "1967"]
[PlyCount "67"]
[EventDate "2013.09.07"]
[EventType "team-tourn"]
[EventRounds "9"]
[EventCountry "GER"]
[SourceTitle "EXT 2015"]
[Source "ChessBase"]
[SourceDate "2014.11.20"]
[SourceVersion "1"]
[SourceVersionDate "2014.11.20"]
[SourceQuality "1"]
[WhiteTeam "Muenster SK III"]
[BlackTeam "Duelmen"]
[WhiteTeamCountry "GER"]
[BlackTeamCountry "GER"]

1. e4 c5 2. d4 cxd4 3. c3 dxc3 4. Nxc3 e6 5. Nf3 a6 6. Bc4 b5 7. Bb3 Bb7 8. Qe2 Nf6 9. e5 b4 10. Na4 Nd5 11. Bxd5 Bxd5 12. Be3 Nc6 13. Nb6 Bxf3 14. Qxf3 Rb8 15. Nc4 Rb5 16. Rc1 Qb8 17. 0-0 Be7 18. Qg3 Nxe5 19. Nxe5 Qxe5 20. Rc8+ Bd8 21. Bf4 Qf6 22. Bd6 h5 23. a4 Rg5 24. Qe3 h4 25. Rfc1 h3 26. g3 Rd5 27. Bxb4 Qd4 28. Qxd4 Rxd4 29. Bc3 Rg4 30. f3 Rg5 31. f4 Rf5 32. Bxg7 Rg8 33. Be5 Ke7 34. Kf1 1/2-1/2

[Event "Muensterland Verbandsklasse-B 1112"]
[Site "Germany"]
[Date "2011.09.17"]
[Round "1.5"]
[White "Mohnke, Martin"]
[Black "Miemietz, Carsten"]
[Result "1/2-1/2"]
[WhiteElo "1897"]
[BlackElo "1716"]
[PlyCount "30"]
[EventDate "2011.09.17"]
[EventType "team-tourn"]
[EventRounds "9"]
[EventCountry "GER"]
[SourceTitle "EXT 2013"]
[Source "ChessBase"]
[SourceDate "2012.11.22"]
[SourceVersion "1"]
[SourceVersionDate "2012.11.22"]
[SourceQuality "1"]
[WhiteTeam "Duelmen"]
[BlackTeam "Muenster IV"]
[WhiteTeamCountry "GER"]
[BlackTeamCountry "GER"]

1. Nf3 c5 2. c4 Nc6 3. d4 cxd4 4. Nxd4 e6 5. e4 Bb4+ 6. Nc3 a6 7. Be3 Nf6 8. Nxc6 bxc6 9. Bd3 d5 10. exd5 exd5 11. cxd5 Nxd5 12. Bd2 Nxc3 13. Bxc3 Bxc3+ 14. bxc3 Qa5 15. 0-0 0-0 1/2-1/2

[Event "Ruhrgebiet VK2 0910"]
[Site "Ruhrgebiet"]
[Date "2010.03.21"]
[Round "8"]
[White "Irlaender, Walter"]
[Black "Mohnke, Martin"]
[Result "1-0"]
[WhiteElo "1908"]
[BlackElo "1997"]
[PlyCount "67"]
[EventDate "2009.09.06"]
[EventType "team"]
[EventRounds "9"]
[EventCountry "GER"]
[SourceTitle "EXT 2011"]
[Source "ChessBase"]
[SourceDate "2010.11.26"]
[SourceVersion "1"]
[SourceVersionDate "2010.11.26"]
[SourceQuality "1"]
[WhiteTeam "Unna SV"]
[BlackTeam "Essen Werden"]
[WhiteTeamCountry "GER"]
[BlackTeamCountry "GER"]

1. e4 c5 2. d4 cxd4 3. c3 dxc3 4. Nxc3 Nc6 5. Nf3 d6 6. Bc4 Nf6 7. h3 e6 8. 0-0 Be7 9. Qe2 0-0 10. Rd1 Qc7 11. Bg5 a6 12. Rac1 Rd8 13. Bb3 Ne8 14. Be3 Qa5 15. Na4 Qh5 16. Nb6 Rb8 17. Qd2 Bd7 18. Nxd7 Rxd7 19. Ba4 Rc7 20. Bb6 Rcc8 21. Rc2 Ne5 22. Nxe5 Rxc2 23. Qxc2 Qxe5 24. Rc1 Bg5 25. Rd1 Be7 26. Rc1 Bd8 27. Ba7 Ra8 28. Bxe8 Rxa7 29. Qc8 Qxb2 30. Rc7 Qa1+ 31. Kh2 Qe5+ 32. g3 Qg5 33. Bxf7+ Kf8 34. Bxe6 1-0

[Event "Muensterland Verbandsklasse-B 0607"]
[Site "Germany"]
[Date "2007.03.24"]
[Round "7.3"]
[White "Mohnke, Martin"]
[Black "Werremeyer, Achim"]
[Result "1-0"]
[WhiteElo "1943"]
[BlackElo "1772"]
[PlyCount "89"]
[EventDate "2006.09.23"]
[EventType "team"]
[EventRounds "9"]
[EventCountry "GER"]
[SourceTitle "EXT 2008"]
[Source "ChessBase"]
[SourceDate "2007.11.25"]
[SourceVersion "1"]
[SourceVersionDate "2007.11.25"]
[SourceQuality "1"]
[WhiteTeam "Buldern"]
[BlackTeam "Westerkappeln"]
[WhiteTeamCountry "GER"]
[BlackTeamCountry "GER"]

1. Nf3 Nf6 2. d4 e6 3. c4 d5 4. Nc3 Nbd7 5. Bg5 c6 6. cxd5 exd5 7. e3 Qa5 8. Bd3 Ne4 9. 0-0 Nxg5 10. Nxg5 Nf6 11. h3 Be7 12. Qc2 h6 13. Nf3 0-0 14. a3 Qd8 15. b4 a6 16. Ne5 Nd7 17. f4 Bd6 18. Rad1 Bxe5 19. dxe5 Qe7 20. e4 Nb6 21. Qf2 dxe4 22. Nxe4 Nd5 23. Bc4 Nc7 24. Nd6 Be6 25. Bxe6 fxe6 26. Qg3 Nd5 27. f5 Kh8 28. fxe6 Qxe6 29. Nxb7 Rxf1+ 30. Rxf1 Re8 31. Nd6 Re7 32. Qd3 g6 33. Qxa6 Kh7 34. Qxc6 Qxe5 35. Nf7 Qe3+ 36. Kh1 Nf4 37. Qf3 Qxf3 38. Rxf3 Rxf7 39. g3 g5 40. gxf4 gxf4 41. a4 Kg6 42. a5 Kg5 43. a6 Rc7 44. Ra3 Rc1+ 45. Kg2 1-0

[Event "Muensterland Verbandsklasse-B 0607"]
[Site "Germany"]
[Date "2007.01.20"]
[Round "5.3"]
[White "Mohnke, Martin"]
[Black "Albustin, Benedikt"]
[Result "0-1"]
[WhiteElo "1943"]
[BlackElo "1889"]
[PlyCount "62"]
[EventDate "2006.09.23"]
[EventType "team"]
[EventRounds "9"]
[EventCountry "GER"]
[SourceTitle "EXT 2008"]
[Source "ChessBase"]
[SourceDate "2007.11.25"]
[SourceVersion "1"]
[SourceVersionDate "2007.11.25"]
[SourceQuality "1"]
[WhiteTeam "Buldern"]
[BlackTeam "Nienberge"]
[WhiteTeamCountry "GER"]
[BlackTeamCountry "GER"]

1. Nf3 Nf6 2. c4 g6 3. Nc3 d5 4. cxd5 Nxd5 5. e4 Nxc3 6. bxc3 Bg7 7. Be2 0-0 8. 0-0 c5 9. Qc2 Nc6 10. Rb1 b6 11. Bb5 Bb7 12. a4 Rc8 13. Be2 Qc7 14. d3 Rfd8 15. Be3 e5 16. Bg5 Rd6 17. Nd2 Ba6 18. Rbd1 Qd7 19. Nb3 f6 20. Be3 Rd8 21. Nc1 Kh8 22. h3 f5 23. f4 Bh6 24. exf5 gxf5 25. c4 Nd4 26. Bxd4 exd4 27. Rf2 Rg8 28. Bf1 Rdg6 29. Re1 Bb7 30. Ree2 Rg3 31. Kh2 Qg7 0-1

[Event "Muensterland Verbandsklasse-A 0506"]
[Site "Germany"]
[Date "2006.02.25"]
[Round "7.3"]
[White "Mohnke, Martin"]
[Black "Haas, Kai Markus"]
[Result "1/2-1/2"]
[WhiteElo "1987"]
[BlackElo "1951"]
[PlyCount "59"]
[EventDate "2005.09.03"]
[EventType "team"]
[EventRounds "9"]
[EventCountry "GER"]
[SourceTitle "EXT 2006"]
[Source "ChessBase"]
[SourceDate "2005.11.24"]
[SourceVersion "1"]
[SourceVersionDate "2005.11.24"]
[SourceQuality "1"]
[WhiteTeam "Buldern"]
[BlackTeam "Sendenhorst"]
[WhiteTeamCountry "GER"]
[BlackTeamCountry "GER"]

1. Nf3 d5 2. d4 e6 3. c4 c6 4. Qc2 f5 5. g3 Nf6 6. Bg2 Be7 7. 0-0 0-0 8. b3 Ne4 9. Bb2 Nd7 10. Nbd2 Ndf6 11. Ne5 Nxd2 12. Qxd2 Nd7 13. Nd3 Re8 14. Rfd1 Bf6 15. e3 Nf8 16. Rac1 g5 17. f3 Ng6 18. Nf2 Qe7 19. Re1 Qf7 20. e4 f4 21. cxd5 exd5 22. e5 Be7 23. Nd3 Be6 24. Nc5 Bxc5 25. Rxc5 Rf8 26. Rc3 Qe7 27. b4 Qd7 28. a4 a6 29. Ba3 Rf7 30. Rec1 1/2-1/2